| 000 -CABECERA |
| fixed length control field |
00775nam a22002177a 4500 |
| 003 - IDENTIFICADOR DEL NÚMERO DE CONTROL |
| control field |
AR-CdUCM |
| 008 - DATOS DE LONGITUD FIJA--INFORMACIÓN GENERAL |
| fixed length control field |
190411b ||||| |||| 00| 0 spa d |
| 040 ## - FUENTE DE LA CATALOGACIÓN |
| Agencia/entidad que catalogó originalmente la obra |
MUNICIPALIDAD PROVINCIAL DEL CUSCO |
| Entidad que transcribió la catalogación |
BIBLIOTECA MUNICIPAL DEL CUSCO |
| 082 ## - NÚMERO DE LA CLASIFICACIÓN DECIMAL DEWEY |
| No. de Clasificación |
372.4 / |
| Notacion interna |
S59 |
| 100 ## - ENTRADA PRINCIPAL--NOMBRE DE PERSONA |
| Nombre Personal |
Cleon Skousen, W. |
| 245 ## - MENCIÓN DE TÍTULO |
| Título |
El hijo año tras año / |
| 260 ## - PUBLICACIÓN, DISTRIBUCIÓN, ETC. |
| Lugar de publicación, distribución, etc. |
Madrid : |
| Nombre de la editorial, distribuidor, etc. |
Daimon, |
| Fecha de publicación, distribución, etc. |
1965. |
| 300 ## - DESCRIPCIÓN FÍSICA |
| Nº de Páginas Extensión |
264 páginas ; |
| Dimensiones |
19 cm. |
| 505 ## - NOTA DE CONTENIDO CON FORMATO |
| Nota de contenido formateada |
Contenido : Como se haciendo el niño -- Feliz y desvalido -- DEl angelito gordinflón -- La edad de la sin razón -- El comienzo de la infancia ... |
| 650 ## - PUNTO DE ACCESO ADICIONAL DE MATERIA--TÉRMINO DE MATERIA |
| Descriptor |
Sociología |
| 9 (RLIN) |
276 |
| 650 ## - PUNTO DE ACCESO ADICIONAL DE MATERIA--TÉRMINO DE MATERIA |
| Descriptor |
El niño |
| 9 (RLIN) |
31427 |
| 650 ## - PUNTO DE ACCESO ADICIONAL DE MATERIA--TÉRMINO DE MATERIA |
| Descriptor |
Psicología |
| 9 (RLIN) |
1538 |
| 700 ## - PUNTO DE ACCESO ADICIONAL--NOMBRE DE PERSONA |
| Nombre Personal |
Gonsalez Blanco, Cesar |
| 9 (RLIN) |
31428 |
| 942 ## - ELEMENTOS DE PUNTO DE ACCESO ADICIONAL (KOHA) |
| Fuente de clasificación |
|
| Tipo de item |
Libros-BMC |
| 945 ## - PROCESAMIENTO DE INFORMACIÓN LOCAL (OCLC) |
| Catalogador |
rah |
| AAAA-MM-DD - Fecha de ingreso o modificacion |
11/04/2019 |